| 000 | 01413 a2200241 4500 | ||
|---|---|---|---|
| 003 | Nust | ||
| 005 | 20220812090824.0 | ||
| 010 | _a 99025436 | ||
| 020 | _a0763710636 | ||
| 040 | _cNust | ||
| 082 | 0 | 0 | _a005.133,DEI |
| 100 | 1 |
_aDale, Nell B. _936735 |
|
| 245 | 1 | 0 |
_aProgramming and problem solving With C++ / _cNell Dale, Chip Weems, Mark Headington. |
| 250 | _a2nd ed. | ||
| 260 |
_aNew Delhi : _b CBS pub. _cc2000. |
||
| 300 |
_axxxvi, 1049, 92 p. : _bill. ; _c23 cm. |
||
| 500 | _aIncludes index. | ||
| 505 | _aOverview of Programming and Problem Solving (Page-1), C++ Syntax and Semantics and the Program Development Process (Page-47), Numeric Types Expressions And Output (Page-101), Program Input and The Software Design Process (Page-153), Conditions Logical Expressions and Selection Control Structures (Page-211), Looping (Page-275), Functions (Page-325), Scope Lifetime and More on Functions (Page-391), Additional Control Structures (Page-461), Simple Data Types Built in and User Defined (Page-493), Structured Types Data Abstraction and Classes (Page-577), Arrays (Page-663), Object-Oriented Software Development (Page-801), Pointers Dynamic Data and Reference Types (Page-867), Linked Structures (Page-943), Recursion (Page-1013). | ||
| 650 | 0 | _aC++ (Computer program language) | |
| 700 | 1 |
_aHeadington, Mark R. _936736 |
|
| 700 | 1 |
_aWeems, Chip. _936737 |
|
| 942 |
_2ddc _cBK _k005.133,DEI |
||
| 999 |
_c178965 _d178965 |
||